Landlord and tenant: rent review (Record no. 68021)
[ view plain ]
| 000 -LEADER | |
|---|---|
| fixed length control field | 01181cam a2200229 4500 |
| 001 - CONTROL NUMBER | |
| control field | WB3731-34 |
| 008 - FIXED-LENGTH DATA ELEMENTS--GENERAL INFORMATION | |
| fixed length control field | 010816n2001 000 0 eng u |
| 035 ## - SYSTEM CONTROL NUMBER | |
| System control number | (Sirsi) u114173 |
| 245 ## - TITLE STATEMENT | |
| Title | Landlord and tenant: rent review |
| 260 ## - PUBLICATION, DISTRIBUTION, ETC. | |
| Date of publication, distribution, etc. | 2001 |
| 490 ## - SERIES STATEMENT | |
| Series statement | Estates Gazette |
| Volume/sequential designation | [2001] 32 EG 89 (CS) (11/8/01) |
| 520 ## - SUMMARY, ETC. | |
| Summary, etc. | "Starmark Enterprises Ltd v CPL Distribution Ltd" CA 31 July 2001. Appellant (C) and respondent (S) were landlord and tenant. C served a notice for a rent increase, and S failed to serve a counternotice within specified time limit. C claimed a rent review clause bound S to pay the increase. High Court ruled in favour of S. C appealed. Appeal allowed on grounds that decision in "Henry Smiths Charity Trustees v AWADA" was more applicable than "Mecca Leisure v Renown Investments (Holdings) Ltd". |
| 590 ## - LOCAL NOTE (RLIN) | |
| Local note | WB |
| 650 ## - SUBJECT ADDED ENTRY--TOPICAL TERM | |
| Topical term or geographic name entry element | TIME LIMITS |
| 650 ## - SUBJECT ADDED ENTRY--TOPICAL TERM | |
| Topical term or geographic name entry element | TIME OF THE ESSENCE |
| 650 ## - SUBJECT ADDED ENTRY--TOPICAL TERM | |
| Topical term or geographic name entry element | STARMARK ENTERPRISES V CPL DISTRIBUTION |
| 650 ## - SUBJECT ADDED ENTRY--TOPICAL TERM | |
| Topical term or geographic name entry element | MECCA LEISURE LTD V RENOWN INVESTMENTS HOLDINGS LTD |
| 650 ## - SUBJECT ADDED ENTRY--TOPICAL TERM | |
| Topical term or geographic name entry element | RENT REVIEWS |
| 650 ## - SUBJECT ADDED ENTRY--TOPICAL TERM | |
| Topical term or geographic name entry element | HENRY SMITHS CHARITY TRUSTEES V AWADA |
| 690 ## - LOCAL SUBJECT ADDED ENTRY--TOPICAL TERM (OCLC, RLIN) | |
| Topical term or geographic name as entry element | LANDLORD AND TENANT-RENT REVIEWS-CASE LAW |
| 942 ## - ADDED ENTRY ELEMENTS (KOHA) | |
| Suppress in OPAC | 0 |
| Withdrawn status | Lost status | Source of classification or shelving scheme | Damaged status | Not for loan | Home library | Current library | Shelving location | Date acquired | Total Checkouts | Full call number | Barcode | Date last seen | Copy number | Price effective from | Koha item type |
|---|---|---|---|---|---|---|---|---|---|---|---|---|---|---|---|
| Dewey Decimal Classification | London | London | News article | 16/08/2001 | WB3731-34 | 114173-1001 | 06/08/2019 | 1 | 06/08/2019 | Law report |